|
|
|
|
| LEADER |
00000nas a2200000 a 4500 |
| 001 |
ssj0022195 |
| 003 |
WaSeSS |
| 005 |
20200512172242.0 |
| 006 |
m d |
| 007 |
cr n |
| 008 |
010626d20012017enkqr p s 0 a0eng c |
| 010 |
|
|
|a 2003242030
|
| 015 |
|
|
|a GBA117696
|2 bnb
|
| 016 |
7 |
|
|a 022800611
|2 DE-101
|
| 016 |
7 |
|
|a 2062009-3
|2 DE-600
|
| 016 |
7 |
|
|a 009910351
|2 Uk
|
| 022 |
|
|
|l 1470-5001
|y 1470-5001
|
| 035 |
|
|
|a (WaSeSS)ssj0022195
|
| 040 |
|
|
|a IL#
|b eng
|c IL#
|d EYM
|d MYG
|d OCLCQ
|d IUL
|d OCLCQ
|d GBVCP
|d UKMGB
|d OCLCQ
|d OCLCF
|d DLC
|d YDXCP
|d YDX
|d UV1
|d HUL
|d OCLCQ
|d WaSeSS
|
| 042 |
|
|
|a pcc
|
| 050 |
0 |
0 |
|a HF5387
|b .J683
|
| 082 |
0 |
4 |
|a 658.40805
|2 21
|
| 245 |
0 |
4 |
|a The journal of corporate citizenship
|h [electronic resource].
|
| 246 |
3 |
|
|a Corporate citizenship
|
| 246 |
1 |
7 |
|a JCC
|
| 260 |
|
|
|a Sheffield, UK :
|b Greenleaf Pub.
|
| 310 |
|
|
|a Quarterly
|
| 362 |
1 |
|
|a Began with: Issue 1 (spring 2001); ceased with issue 66 (June 2017)?
|
| 506 |
|
|
|a License restrictions may limit access.
|
| 580 |
|
|
|a To be continued by a monographic series under title: Citizenship and sustainability in organizations.
|
| 588 |
|
|
|a Description based on: Issue 41 (spring 2011); title from cover.
|
| 588 |
|
|
|a Latest issue consulted: Issue 66 (June 2017).
|
| 650 |
|
0 |
|a Business ethics
|v Periodicals.
|
| 650 |
|
0 |
|a Social responsibility of business
|v Periodicals.
|
| 650 |
|
7 |
|a Business ethics.
|2 fast
|0 (OCoLC)fst00842675
|
| 650 |
|
7 |
|a Social responsibility of business.
|2 fast
|0 (OCoLC)fst01122851
|
| 655 |
|
0 |
|a Electronic journals.
|
| 850 |
|
|
|a DLC
|
| 853 |
2 |
0 |
|8 1
|a issue
|i (year)
|j (season)
|w q
|
| 856 |
4 |
0 |
|z Full text available from Research Library: 04/01/2004 to 09/30/2014
|u https://search.proquest.com/publication/43079
|
| 863 |
4 |
1 |
|8 1.1
|a <9>
|i <2003>
|j <21>
|